[Event "La Fere op 11th"]
[Site "La Fere"]
[Date "2012.07.07"]
[Round "1"]
[White "Dumas, Victor"]
[Black "Vekemans, Paul"]
[Result "1-0"]
[WhiteElo "2064"]
[BlackElo "1781"]
[PlyCount "49"]
[EventDate "2012.07.07"]
[EventType "swiss"]
[EventRounds "9"]
[EventCountry "FRA"]
[SourceTitle "CBM 149 Extra"]
[Source "ChessBase"]
[SourceDate "2012.08.24"]
[SourceVersion "1"]
[SourceVersionDate "2012.08.24"]
[SourceQuality "1"]

1. e4 c6 2. d4 d5 3. exd5 cxd5 4. c4 Nf6 5. Nc3 e6 6. Nf3 Bb4 7. Bg5 h6 8. Bxf6 gxf6 9. Qb3 Nc6 10. cxd5 exd5 11. 0-0-0 Be6 12. Bb5 Qd6 13. Rhe1 0-0 14. Re3 a6 15. Be2 Na5 16. Qc2 Nc4 17. Bxc4 dxc4 18. d5 Bd7 19. Ne4 Qf4 20. g3 Qf5 21. Nh4 Qe5 22. f4 Qe7 23. d6 Qe6 24. f5 Qe5 25. Rd5 1-0

[Event "Le Touquet op 20th"]
[Site "Le Touquet"]
[Date "2005.10.25"]
[Round "3"]
[White "Vekemans, Paul"]
[Black "Pirouelle, Michel"]
[Result "1-0"]
[WhiteElo "1892"]
[BlackElo "1725"]
[PlyCount "69"]
[EventDate "2005.10.23"]
[EventType "swiss"]
[EventRounds "9"]
[EventCountry "FRA"]
[SourceTitle "EXT 2006"]
[Source "ChessBase"]
[SourceDate "2005.11.24"]
[SourceVersion "1"]
[SourceVersionDate "2005.11.24"]
[SourceQuality "1"]

1. Nf3 Nc6 2. d4 d5 3. Bf4 Nf6 4. h3 Bf5 5. e3 e6 6. c3 Bd6 7. Bxd6 Qxd6 8. Nbd2 0-0 9. Nh4 Rfe8 10. Nxf5 exf5 11. Bd3 f4 12. Qf3 fxe3 13. fxe3 Rxe3+ 14. Qxe3 Re8 15. Be4 Nxe4 16. 0-0-0 Nf6 17. Qf2 b5 18. Rhe1 Rb8 19. g4 h6 20. Rg1 b4 21. c4 b3 22. axb3 Nb4 23. Qf3 Qa6 24. Rg2 dxc4 25. Nxc4 Qa1+ 26. Kd2 Qa2 27. Ke1 Nbd5 28. Rd3 Re8+ 29. Ne5 Nb4 30. Rdd2 Ne4 31. Qxf7+ Kh7 32. Qg6+ Kg8 33. Qxe8+ Kh7 34. Qg6+ Kg8 35. Qxe4 1-0

[Event "Avoine op 20th"]
[Site "Avoine"]
[Date "2005.07.27"]
[Round "5"]
[White "Vekemans, Paul"]
[Black "Primel, Dominique"]
[Result "0-1"]
[WhiteElo "1892"]
[BlackElo "2113"]
[PlyCount "48"]
[EventDate "2005.07.23"]
[EventType "swiss"]
[EventRounds "9"]
[EventCountry "FRA"]
[SourceTitle "EXT 2007"]
[Source "ChessBase"]
[SourceDate "2006.11.23"]
[SourceVersion "1"]
[SourceVersionDate "2006.11.23"]
[SourceQuality "1"]

1. f4 Nf6 2. Nf3 d5 3. e3 Bg4 4. Be2 c6 5. b3 Nbd7 6. Bb2 Qc7 7. 0-0 Bxf3 8. Bxf3 e5 9. fxe5 Nxe5 10. Nc3 Bd6 11. h3 0-0-0 12. a3 h5 13. b4 Qe7 14. b5 Nc4 15. Bc1 Qe5 16. bxc6 bxc6 17. Rb1 g5 18. a4 g4 19. Bxd5 Nxd5 20. Nxd5 Qh2+ 21. Kf2 Bg3+ 22. Ke2 cxd5 23. Rxf7 Qxg2+ 24. Kd3 Ne5+ 0-1